000 01644nam a2200421 a 4500
001 ebr10288472
003 CaPaEBR
006 m u
007 cr cn|||||||||
008 081117s2009 enka sb 001 0 eng
010 _z 2008049651
015 _aGBA898162
_2bnb
016 7 _z014691105
_2Uk
020 _z9780199545469 (pbk)
020 _z0199545464 (pbk)
020 _z9780199545452 (hbk)
020 _z0199545456 (hbk)
040 _aCaPaEBR
_cCaPaEBR
035 _a(OCoLC)320052141
050 1 4 _aQB464
_b.P47 2009eb
082 0 4 _a523.01/97
_222
100 1 _aPerkins, Donald H.
245 1 0 _aParticle astrophysics
_h[electronic resource] /
_cD.H. Perkins.
250 _a2nd ed.
260 _aOxford ;
_aNew York :
_bOxford University Press,
_c2009.
300 _axv, 339 p. :
_bill.
490 1 _aOxford master series in physics ;
_v10
490 1 _aOxford master series in physics. Particle physics, astrophysics, and cosmology
504 _aIncludes bibliographical references (p. [329]-334) and index.
533 _aElectronic reproduction.
_bPalo Alto, Calif. :
_cebrary,
_d2013.
_nAvailable via World Wide Web.
_nAccess may be limited to ebrary affiliated libraries.
650 0 _aNuclear astrophysics.
650 0 _aParticles (Nuclear physics)
655 7 _aElectronic books.
_2local
710 2 _aebrary, Inc.
830 0 _aOxford master series in physics ;
_v10.
830 0 _aOxford master series in physics.
_pParticle physics, astrophysics, and cosmology.
856 4 0 _uhttp://site.ebrary.com/lib/rucke/Doc?id=10288472
_zAn electronic book accessible through the World Wide Web; click to view
999 _c15466
_d15466